Normal view
MARC view
Entry Personal Name
001 - CONTROL NUMBER
- control field: 1237136
003 - CONTROL NUMBER IDENTIFIER
- control field: OSt
005 - DATE AND TIME OF LATEST TRANSACTION
- control field: 20260430150322.0
008 - FIXED-LENGTH DATA ELEMENTS
- fixed length control field: 260430|| aca||aabn | a|a d
040 ## - CATALOGING SOURCE
- Original cataloging agency: OSt
- Transcribing agency: OSt
100 ## - HEADING--PERSONAL NAME
- Personal name: Khan Abroo Au.; Mishra Siddhartha Gu
670 ## - SOURCE DATA FOUND
- Source citation: Work cat.: (OSt)1849502: Khan Abroo Au.; Mishra Siddhartha Gu., Rape Victims a Critical Study of Protective and Rehabilitative Provisions in Law and Judicial Approach in India, 2023
